Revista del Instituto de Investigaciones Económicas (Registro nro. 8757)

Detalles MARC
000 -LEADER
fixed length control field 01022nas a2200277 454500
001 - CONTROL NUMBER
control field 34774
005 - DATE AND TIME OF LATEST TRANSACTION
control field 20260407193509.0
008 - FIXED-LENGTH DATA ELEMENTS--GENERAL INFORMATION
fixed length control field 260407s1957####ag###########|||spa#d
003 - CONTROL NUMBER IDENTIFIER
control field AR-UNSa-BCEJYS
040 ## - CATALOGING SOURCE
Original cataloging agency AR-UNSa-BCEJYS
Language of cataloging spa
Transcribing agency AR-UNSa-BCEJYS
080 ## - UNIVERSAL DECIMAL CLASSIFICATION NUMBER
Universal Decimal Classification number 330
Common auxiliary subdivision Economía en general
041 ## - LANGUAGE CODE
Language code of text/sound track or separate title spa
100 1# - MAIN ENTRY--PERSONAL NAME
Personal name Universidad Nacional del Litoral. Facultad de Ciencias Económicas Comerciales y Políticas. Instituto de Investigaciones Económicas
245 10 - TITLE STATEMENT
Title Revista del Instituto de Investigaciones Económicas
264 #1 - PRODUCTION, PUBLICATION, DISTRIBUTION, MANUFACTURE, AND COPYRIGHT NOTICE
Place of production, publication, distribution, manufacture Santa Fe :
Name of producer, publisher, distributor, manufacturer Universidad Nacional del Litoral
Date of production, publication, distribution, manufacture, or copyright notice 1957
310 ## - CURRENT PUBLICATION FREQUENCY
Current publication frequency Frecuencia: Trimestral
590 ## - LOCAL NOTE (RLIN)
Local note niveau_biblio:s niveau_hierar:1
650 ## - SUBJECT ADDED ENTRY--TOPICAL TERM
Topical term or geographic name entry element Política económica
650 ## - SUBJECT ADDED ENTRY--TOPICAL TERM
Topical term or geographic name entry element Planificación económica
650 ## - SUBJECT ADDED ENTRY--TOPICAL TERM
Topical term or geographic name entry element Investigación económica
650 ## - SUBJECT ADDED ENTRY--TOPICAL TERM
Topical term or geographic name entry element Modelo económico
650 ## - SUBJECT ADDED ENTRY--TOPICAL TERM
Topical term or geographic name entry element ECONOMIA
650 ## - SUBJECT ADDED ENTRY--TOPICAL TERM
Topical term or geographic name entry element DESARROLLO ECONOMICO
856 41 - ELECTRONIC LOCATION AND ACCESS
Uniform Resource Identifier <a href="https://biblioeco.unsa.edu.ar/pmb/images/revistas/revInstInvEconomicas.jpg">https://biblioeco.unsa.edu.ar/pmb/images/revistas/revInstInvEconomicas.jpg</a>
Link text Imagen de portada
Electronic format type image/jpeg
942 ## - ADDED ENTRY ELEMENTS (KOHA)
Koha item type
Existencias
Withdrawn status Lost status Damaged status Not for loan Home library Current library Shelving location Date acquired Serial enumeration / chronology Total checkouts Full call number Barcode Date last seen Price effective from Koha item type
        Biblioteca Prof. Eusebio Cleto del Rey Biblioteca Prof. Eusebio Cleto del Rey   01/10/1961 Año V, Nº 17/18 - oct. 1961/mar. 1962   H330 RII 17/18 R17650 10/04/2026 10/04/2026 Numero
        Biblioteca Prof. Eusebio Cleto del Rey Biblioteca Prof. Eusebio Cleto del Rey   01/10/1960 Año IV, Nº 13/14 - oct. 1960/mar. 1961   H330 RII 13/14 R17649 10/04/2026 10/04/2026 Numero
        Biblioteca Prof. Eusebio Cleto del Rey Biblioteca Prof. Eusebio Cleto del Rey   01/07/1960 Año III, Nº 12 - jul./sep. 1960   H330 RII 12 R17648 10/04/2026 10/04/2026 Numero
        Biblioteca Prof. Eusebio Cleto del Rey Biblioteca Prof. Eusebio Cleto del Rey   01/01/1960 Año III, Nº 10/11 - ene./jun. 1960   H330 RII 10/11 R17647 10/04/2026 10/04/2026 Numero
        Biblioteca Prof. Eusebio Cleto del Rey Biblioteca Prof. Eusebio Cleto del Rey   01/07/1958 Año I, Nº 4 - jul./sep. 1958   H330 RII 4 R17646 10/04/2026 10/04/2026 Numero
        Biblioteca Prof. Eusebio Cleto del Rey Biblioteca Prof. Eusebio Cleto del Rey   01/04/1958 Año I, Nº 3 - abr./jun. 1958   H330 RII 3 R17645 10/04/2026 10/04/2026 Numero
        Biblioteca Prof. Eusebio Cleto del Rey Biblioteca Prof. Eusebio Cleto del Rey   01/01/1958 Año I, Nº 2 - ene./mar. 1958   H330 RII 2 R17644 10/04/2026 10/04/2026 Numero
        Biblioteca Prof. Eusebio Cleto del Rey Biblioteca Prof. Eusebio Cleto del Rey   01/10/1957 Año I, Nº 1 - oct./dic. 1957   H330 RII 1 R17641 10/04/2026 10/04/2026 Numero